Reconciliation in an African context : (Record no. 34380)

MARC details
000 -LEADER
fixed length control field 01028cam a22002415a 4500
001 - CONTROL NUMBER
control field 15438001
005 - DATE AND TIME OF LATEST TRANSACTION
control field 20090209082708.0
008 - FIXED-LENGTH DATA ELEMENTS--GENERAL INFORMATION
fixed length control field 080904s2008 ke b 000 0 eng
010 ## - LIBRARY OF CONGRESS CONTROL NUMBER
LC control number 2008346839
020 ## - INTERNATIONAL STANDARD BOOK NUMBER
International Standard Book Number 9966768556
040 ## - CATALOGING SOURCE
Original cataloging agency DLC
Transcribing agency DLC
042 ## - AUTHENTICATION CODE
Authentication code lcode
050 ## - LIBRARY OF CONGRESS CALL NUMBER
Classification number BS410
Item number .O66 2008
100 1# - MAIN ENTRY--PERSONAL NAME
Personal name Ochola-Omolo, Joseph.
245 10 - TITLE STATEMENT
Title Reconciliation in an African context :
Remainder of title Paul's theology of reconciliation : engaging honour and shame cultural elements among the Gusii, Luhya, and Luo people of western Kenya /
Statement of responsibility, etc Joseph Ochola-Omolo.
260 ## - PUBLICATION, DISTRIBUTION, ETC. (IMPRINT)
Place of publication, distribution, etc Nairobi :
Name of publisher, distributor, etc Uzima Pub. House,
Date of publication, distribution, etc c2008.
300 ## - PHYSICAL DESCRIPTION
Extent viii, 189 p. :
Other physical details ill. ;
Dimensions 21 cm.
504 ## - BIBLIOGRAPHY, ETC. NOTE
Bibliography, etc Includes bibliographical references (p. 178-189).
906 ## - LOCAL DATA ELEMENT F, LDF (RLIN)
a 7
b ibc
c origode
d 3
e ncip
f 20
g y-gencatlg
942 ## - ADDED ENTRY ELEMENTS (KOHA)
Source of classification or shelving scheme Library of Congress Classification
Item type Book
Holdings
Withdrawn status Lost status Source of classification or shelving scheme Damaged status Not for loan Collection code Home library Current library Shelving location Date acquired Total Checkouts Total Renewals Full call number Barcode Date last seen Date last borrowed Price effective from Koha item type
    Library of Congress Classification     Non-fiction Nairobi Campus Nairobi Campus General Circulation 16/04/2009 5 1 BS410 .O66 2008 004621 19/06/2023 16/05/2023 16/04/2009 Book